[Event "ACL-E210"]
[Site "www.playchess.de"]
[Date "2006.01.19"]
[Round "2"]
[White "JanP"]
[Black "Brrrr"]
[WhiteElo "1791"]
[BlackElo "1942"]
[PlyCount "81"]
[Result "1/2-1/2"]

1.e4 {Good Luck!}  c5 {I wish you a good game as 
well.}  2.Nf3 {Brrrr in our(dutch) language means 
something like "I'm very cold" :-)}  d6 {It means 
exactly the same in English. I like my play to be 
"cold", i.e., logical, remorseless.}  3.d4 {Well, 
I begin to tremble allready..}  cxd4 {I don't know 
why..}  4.Nxd4 {the word "remorseless" :-)}  Nf6 
{It's just a word, like 'gamesmanship'.}  5.Nc3 
{ok, I'm not afraid anymore. 
In the past, many people from our country 
emigrated to Canada. Do you know some?}  a6 {Not 
personally, but many friends were made during WW2 
and now they travel back and forth regularly to 
meet and socialize. I see them at the airport 
where I work.}  6.Bg5 {Ok. I'm a high school 
teacher in daily life, and some of my colleagues 
go to Canadian schools to look for children who 
want to write in english with dutch children: good 
for their knowledge of the english language}  e6 
{Sounds like a good program.}  7.f4 Be7 8.Qf3 Qc7 
9.O-O-O Nbd7 10.Bxf6 Nxf6 11.g4 b5 12.g5 Nd7 13.f5 
Bxg5+ 14.Kb1 Ne5 15.Qh5 Qd8 16.h4 Bf6 17.fxe6 O-O 
18.Bh3 fxe6 19.Bxe6+ Kh8 20.Nd5 Nc4 21.Nc6 Qe8 
22.Qxe8 Rxe8 23.Nxf6 Rxe6 24.Nd5 Rxe4 25.Nc7 Bb7 
26.Nxa8 Bxc6 27.b3 Bxa8 28.bxc4 Re6 29.Rhf1 Kg8 
30.cxb5 {Merry christmas!}  axb5 31.Kb2 Be4 32.Rd4 
h6 33.c4 bxc4 34.Rxc4 d5 35.Rc7 g5 36.hxg5 hxg5 
37.Kc3 Ra6 38.Rg1 Rxa2 39.Rxg5+ Kh8 40.Rcg7 Ra4 
41.R7g8+ {(offering draw)}  1/2-1/2

[Event "HCL-A2546"]
[Site "www.playchess.de"]
[Date "2006.01.19"]
[Round "11"]
[White "stevetilbury"]
[Black "kylejmiles"]
[WhiteElo "1550"]
[BlackElo "1472"]
[PlyCount "39"]
[Result "1-0"]

1.d4 d5 2.c4 c6 3.e4 dxe4 4.Nc3 f5 5.f3 exf3 
6.Nxf3 Nf6 7.Bd3 e6 8.Bg5 Be7 9.Qc2 O-O 10.O-O-O 
Nbd7 11.Rhe1 h6 12.Bh4 Nb6 13.Ne5 Qxd4 14.Ng6 Rf7 
15.Bxf5 exf5 16.Rxd4 Bc5 17.Rd8+ Kh7 18.Ne7 g6 
19.Nxc8 Nxc4 20.Bxf6 1-0

[Event "HCL-B3783"]
[Site "www.playchess.de"]
[Date "2006.01.19"]
[Round "3"]
[White "Mountaingoat"]
[Black "adamcik"]
[WhiteElo "1200"]
[BlackElo "1500"]
[PlyCount "20"]
[Result "0-1"]

1.d4 d5 2.e3 Nf6 3.Bb5+ Bd7 4.Bxd7+ Nbxd7 5.Nf3 e6 
6.Ne5 Bd6 7.Nxd7 Qxd7 8.O-O O-O 9.b3 e5 10.dxe5 
Bxe5 0-1

[Event "HCL-A2556"]
[Site "www.playchess.de"]
[Date "2006.01.19"]
[Round "11"]
[White "archship"]
[Black "hal1958"]
[WhiteElo "1208"]
[BlackElo "1477"]
[PlyCount "49"]
[Result "1-0"]

1.e4 e5 2.Nf3 d6 3.Nc3 f5 4.g3 Nf6 5.d3 h6 6.Bg2 
Nc6 7.O-O Be7 8.b3 a6 9.Bb2 O-O 10.Nh4 fxe4 
11.dxe4 Qe8 12.Nf5 Bxf5 13.exf5 Qd7 14.Nd5 Rac8 
15.Nxf6+ Bxf6 16.Bd5+ Kh8 17.Be6 Qe8 18.Bxc8 Qxc8 
19.Qh5 Qe8 20.Qg6 Qxg6 21.fxg6 e4 22.Bxf6 Rxf6 
23.Rae1 d5 24.f3 exf3 25.Re8+ 1-0

[Event "HCL-A2435"]
[Site "www.playchess.de"]
[Date "2006.01.19"]
[Round "5"]
[White "mrchess"]
[Black "tensai"]
[WhiteElo "1500"]
[BlackElo "1418"]
[PlyCount "119"]
[Result "1-0"]

1.d4 {good luck}  c6 {Same to you.}  2.e4 e6 3.Nf3 
h6 4.Bd3 b6 5.Qe2 Bb7 6.Be3 d6 7.c4 Ne7 8.Nc3 Ng6 
9.O-O Be7 10.Rae1 a6 11.Qc2 b5 12.b3 b4 13.Ne2 Nd7 
14.Nf4 Nh4 15.Nxh4 Bxh4 16.g3 Be7 17.Nh5 Bf6 
18.Nxf6+ Nxf6 19.e5 dxe5 20.dxe5 Nd7 21.f4 c5 
22.Red1 Qc8 23.Be4 O-O 24.Rd6 a5 25.Rfd1 Bxe4 
26.Qxe4 Ra7 27.Qc6 Rc7 28.Qa6 Qxa6 29.Rxa6 Rfc8 
30.Rxa5 Kh7 31.Ra6 Kg6 32.Rad6 Nb8 33.g4 R7c6 
34.R6d8 Na6 35.Rxc8 Rxc8 36.Kf2 Nb8 37.h4 f5 
38.h5+ Kf7 39.gxf5 Rc7 40.fxe6+ Kxe6 41.Kf3 Kf5 
42.Rd5 Nd7 43.Bf2 Ra7 44.Rd2 Rc7 45.Bh4 Ra7 46.Re2 
Nf8 47.Rd2 Ne6 48.Bf2 Nxf4 49.Bxc5 Rb7 50.Bd6 Rd7 
51.c5 Ne6 52.c6 Rf7 53.Ke3 Ra7 54.Bxb4 Ra6 55.Rc2 
Nf4 56.c7 Nd5+ 57.Kd4 Nxc7 58.Rxc7 Rxa2 59.Rxg7 
Re2 60.Bd6 1-0

[Event "HCL-E1440"]
[Site "www.playchess.de"]
[Date "2006.01.19"]
[Round "9"]
[White "PieceSeeker3"]
[Black "tensai"]
[WhiteElo "1485"]
[BlackElo "1437"]
[PlyCount "97"]
[Result "1-0"]

1.e4 e5 {Hello & Good Luck.}  2.f4 exf4 3.Nf3 Be7 
4.h4 Nf6 5.d3 Nh5 6.Ng5 Bxg5 7.hxg5 Qxg5 8.Qxh5 
Qg3+ 9.Kd1 d6 10.Be2 Be6 11.Qf3 Qg6 12.Bxf4 Nc6 
13.Nc3 Nd4 14.Qf1 Bg4 15.Bxg4 Qxg4+ 16.Kd2 Ne6 
17.g3 Nxf4 18.Qxf4 Qg6 19.Nd5 Rc8 20.Rh4 Qe6 
21.Qg4 Qxg4 22.Rxg4 c6 23.Nf4 O-O 24.Rh1 Rce8 
25.Nh5 g6 26.Nf6+ Kg7 27.Nxe8+ Rxe8 28.Rgh4 Rh8 
29.g4 f6 30.R4h3 g5 31.d4 Kg6 32.Re1 Re8 33.a4 b6 
34.b4 a6 35.Rc3 Rc8 36.b5 axb5 37.axb5 c5 38.e5 
dxe5 39.dxc5 bxc5 40.b6 Rb8 41.Rb1 h5 42.Rxc5 Rd8+ 
43.Kc3 hxg4 44.b7 g3 45.Rc8 Rd4 46.Rg8+ Kf5 47.b8Q 
Rh4 48.Rf1+ Ke4 49.Rf8 1-0

[Event "HCL-C4047"]
[Site "www.playchess.de"]
[Date "2006.01.19"]
[Round "21"]
[White "epenz"]
[Black "tusnelda"]
[WhiteElo "993"]
[BlackElo "1187"]
[PlyCount "89"]
[Result "1-0"]

1.e4 e5 2.Nf3 Nc6 3.Bc4 Bc5 4.d3 d6 5.O-O h6 6.Nc3 
Nf6 7.h3 Nd4 8.a3 Nxf3+ 9.Qxf3 Bd4 10.Be3 c5 
11.Bxd4 cxd4 12.Nd5 Nxd5 13.Bxd5 Qe7 14.c3 dxc3 
15.bxc3 O-O 16.Rfe1 Rb8 17.d4 Bd7 18.Rab1 b6 
19.Ba2 b5 20.Qe3 Be6 21.Bxe6 Qxe6 22.f3 a6 23.d5 
Qf6 24.Re2 a5 25.Reb2 b4 26.cxb4 Qd8 27.b5 Qb6 
28.Qxb6 Rxb6 29.a4 Rc8 30.Kf2 Rc4 31.Ra2 g6 32.Ke2 
Rc3 33.Kd2 Rc4 34.Kd3 Rc8 35.Rc2 Rc5 36.Rbc1 Rxc2 
37.Rxc2 Kg7 38.Rc7 g5 39.g3 h5 40.h4 Kg6 41.hxg5 
Kxg5 42.Rxf7 Kg6 43.Rc7 Kg5 44.Rc6 Rxc6 
45.dxc6 1-0

[Event "HCL-A2490"]
[Site "www.playchess.de"]
[Date "2006.01.19"]
[Round "6"]
[White "kali"]
[Black "Sonea"]
[WhiteElo "1456"]
[BlackElo "1409"]
[PlyCount "63"]
[Result "1/2-1/2"]

1.Nf3 d6 {Grussen aud Imardin, Kyralia}  2.g3 {I 
still have not been there... Though I stored the 
link :-)}  Nf6 {OK}  3.Bg2 c6 4.d3 e5 5.O-O Be7 
6.b3 Nbd7 7.Bb2 Qc7 8.c4 O-O 9.Nbd2 Re8 10.e3 Bf8 
11.Qc2 d5 12.cxd5 Nxd5 13.Nc4 f6 14.a3 N7b6 
15.Nxb6 Nxb6 16.Nd2 Bd7 17.Nc4 Nxc4 18.dxc4 Be6 
19.b4 Rad8 20.Rad1 Rxd1 21.Rxd1 Rd8 22.c5 Rxd1+ 
23.Qxd1 Be7 24.Qd3 Qd7 25.Qxd7 Bxd7 26.Kf1 Kf7 
27.Ke2 Bf5 28.e4 Bd7 29.Ke3 g5 30.Bf1 a6 31.Bc4+ 
Be6 32.Bxe6+ {(offering draw)} 
 1/2-1/2

[Event "HCL-E1487"]
[Site "www.playchess.de"]
[Date "2006.01.19"]
[Round "17"]
[White "Glomp"]
[Black "Chascarrillo"]
[WhiteElo "1668"]
[BlackElo "2037"]
[PlyCount "101"]
[Result "1-0"]

1.e4 {Hello and good luck!}  c5 {Hello from 
Seattle, and good luck!}  2.Nf3 d6 3.d4 cxd4 
4.Nxd4 Nf6 5.Nc3 g6 6.Be3 Bg7 7.f3 Nc6 8.Qd2 O-O 
9.O-O-O d5 10.exd5 Nxd5 11.Nxc6 bxc6 12.Bd4 e5 
13.Bc5 Be6 14.Ne4 Re8 15.h4 h6 16.g4 Qc7 17.h5 g5 
18.Rh2 Red8 19.Qe1 Nf4 20.Rhd2 Rxd2 21.Qxd2 Bd5 
22.Qe3 Ne6 23.Bd6 Qb6 24.Qxb6 axb6 25.a3 Nd4 
26.Bg2 Ne2+ 27.Kb1 Ra4 28.Rd2 Rd4 29.Rxd4 exd4 
30.Bf1 Ng1 31.Bg2 Ne2 32.Bc7 b5 33.Bf1 Bxe4 
34.Bxe2 Bd5 35.Kc1 Kf8 36.f4 Ke7 37.fxg5 hxg5 
38.b3 Kd7 39.Bb6 Kd6 40.Kd2 Ke5 41.Bc7+ Ke4 42.a4 
bxa4 43.bxa4 c5 44.a5 c4 45.a6 c3+ 46.Ke1 Ke3 
47.a7 Bf8 48.Bd3 f6 49.Bh2 Kf3 50.Be2+ Kg2 
51.Bc7 1-0

[Event "HCL-C4059"]
[Site "www.playchess.de"]
[Date "2006.01.19"]
[Round "7"]
[White "epenz"]
[Black "Farquhart"]
[WhiteElo "993"]
[BlackElo "547"]
[PlyCount "47"]
[Result "1-0"]

1.e4 {hi}  e5 2.Nf3 d6 3.Nc3 Nf6 4.d3 Nc6 5.Be2 
Nd4 6.Nd5 Nxf3+ 7.Bxf3 c6 8.Nxf6+ gxf6 9.O-O Rg8 
10.c3 f5 11.Re1 a5 12.d4 f4 13.dxe5 Qg5 14.exd6 h5 
15.e5 c5 16.Re4 Bg4 17.Rxf4 Qxe5 18.d7+ Kd8 
19.Rxf7 Qe6 20.Rh7 Rg7 21.Rh6 Rg6 22.Bg5+ Kc7 
23.d8Q+ Rxd8 24.Qxd8+ 1-0

[Event "HCL-A2512"]
[Site "www.playchess.de"]
[Date "2006.01.19"]
[Round "7"]
[White "daddy_4_eyes"]
[Black "Maillard"]
[WhiteElo "1515"]
[BlackElo "1505"]
[PlyCount "114"]
[Result "1/2-1/2"]

1.e4 {Hello from down under}  c5 {Bonne partie!}  
2.Nf3 Nc6 3.d4 cxd4 4.Nxd4 e5 5.Nb5 d6 6.c4 a6 
7.N5c3 Nf6 8.Bg5 Be7 9.Bxf6 Bxf6 10.Nd5 Nd4 11.Be2 
Bd7 12.O-O Bc6 13.Nbc3 O-O 14.Bg4 Bg5 15.Ne2 Nxe2+ 
16.Qxe2 Bxd5 17.cxd5 b5 18.a4 b4 19.Qc4 a5 20.Qd3 
Qe7 21.Rfe1 Ra7 22.Re2 g6 23.Rc2 h5 24.Bc8 Rc7 
25.Ba6 Rxc2 26.Qxc2 Qa7 27.Bb5 f5 28.Kh1 fxe4 
29.Qxe4 Kh7 30.f3 Rf4 31.Qc2 Qf7 32.Re1 Rd4 33.Rd1 
Qxd5 34.Rxd4 Qxd4 35.Be8 e4 36.fxe4 Qe5 37.Bc6 
{(offering draw)}  Bf6 38.Bd5 Qxb2 39.Qxb2 Bxb2 
40.Kg1 Kh6 41.Kf2 g5 42.h3 Kg6 43.Ke3 Kf6 {happy 
new year!}  44.Kd3 {Same to you my friend}  Ke5 
45.Kc4 Kf4 46.Kb5 Bc3 47.Kc6 Be5 48.Kb5 Kg3 
49.Kxa5 Kxg2 50.Be6 Kf3 51.Kxb4 Kxe4 52.Kc4 Bd4 
53.a5 Bc5 54.a6 Ke5 55.Bd5 h4 56.Bf3 {(offering 
draw)}  Kf4 57.Bg4 Ke4 {(offering draw) okay... 
merci pour la partie!}  1/2-1/2

[Event "HCL-M881"]
[Site "www.playchess.de"]
[Date "2006.01.19"]
[Round "7"]
[White "dynachess"]
[Black "little_Garry"]
[WhiteElo "2242"]
[BlackElo "2096"]
[PlyCount "44"]
[Result "1/2-1/2"]

1.d4 {hello from france. have a good game}  Nf6 
{Hello, have a nice game !}  2.Nf3 e6 3.Nbd2 d5 
4.e3 c5 5.c3 Nc6 6.Bd3 Be7 7.O-O O-O 8.dxc5 Bxc5 
9.e4 Qc7 10.Qe2 b6 11.e5 Ng4 12.Bxh7+ Kxh7 13.Ng5+ 
Kg8 14.Qxg4 Qxe5 15.Ndf3 Qf6 16.Qh4 Qf5 17.Be3 f6 
18.Qa4 Nd8 19.Nh4 Qd3 20.Bxc5 bxc5 21.Nh3 Qh7 
22.Rad1 g5 {(offering draw)}  1/2-1/2

[Event "HCL-M772"]
[Site "www.playchess.de"]
[Date "2006.01.19"]
[Round "4"]
[White "Schirrmeister"]
[Black "malu"]
[WhiteElo "1806"]
[BlackElo "2055"]
[PlyCount "126"]
[Result "1/2-1/2"]

1.e4 {Hello from Germany. Have a nice game.}  e5 
{danke! viel glück.}  2.Nf3 {Hey, du sprichst ja 
deutsch. Leider kann ich nicht in italienisch 
antworten, da sich meine Italienisch Kentnisse in 
Grenzen halten :-)}  Nf6 {wo wohnst du?}  3.Nxe5 
{In Darmstadt}  Qe7 4.d4 d6 5.Nf3 Nxe4 6.Be2 Bg4 
7.O-O Nd7 8.Re1 d5 9.Ng5 Bxe2 10.Rxe2 O-O-O 11.f3 
h6 12.Nh3 f5 13.fxe4 dxe4 14.Nf4 Qf7 15.d5 Nf6 
16.Nc3 Bb4 17.Rd2 Bc5+ 18.Kh1 Be3 19.Re2 Bxf4 
20.Bxf4 Nxd5 21.Nxd5 Rxd5 22.Rd2 Rhd8 23.Rxd5 Rxd5 
24.Qe2 g5 25.Be3 a6 26.Bf2 Rd6 27.Rd1 Rxd1+ 
28.Qxd1 Qxa2 29.Qd4 b6 30.Qh8+ Kb7 31.Qe5 
{(offering draw)}  Qb1+ 32.Bg1 Qxc2 33.Qxf5 Qxb2 
34.Qxe4+ Ka7 35.Qc6 Qe5 36.Qxh6 Kb7 37.h4 gxh4 
38.Qxh4 a5 39.Qd4 Qf5 40.g4 Qf3+ 41.Kh2 c5 42.Qd7+ 
Ka6 43.Qf5 Qe2+ 44.Kg3 a4 45.Qf3 Qe5+ 46.Kh4 Kb5 
47.g5 Kb4 48.Qg4+ Ka5 49.g6 a3 50.g7 a2 51.Bd4 
cxd4 52.g8Q Qe1+ 53.Kh5 Qh1+ 54.Kg6 Qc6+ 55.Q8e6 
Qxe6+ 56.Qxe6 a1Q 57.Qd5+ Kb4 58.Qd6+ Kc3 59.Qc6+ 
Kd3 60.Qf3+ Kc2 61.Qg2+ Kb1 62.Qh1+ Kb2 63.Qg2+ 
Kb3 {(offering draw)}  1/2-1/2

[Event "HCL-M871"]
[Site "www.playchess.de"]
[Date "2006.01.19"]
[Round "1"]
[White "dzwonek"]
[Black "anne_t"]
[WhiteElo "1981"]
[BlackElo "1935"]
[PlyCount "65"]
[Result "1/2-1/2"]

1.d4 {Greetings from Poland!!!}  Nf6 {Nice :) 
Greeting from Leiden, Holland}  2.c4 Nc6 3.d5 Ne5 
4.e3 e6 5.Nf3 d6 6.Nc3 Be7 7.e4 Nxf3+ 8.Qxf3 c6 
9.dxc6 bxc6 10.Be2 e5 11.O-O Bg4 12.Qd3 O-O 
13.Bxg4 Nxg4 14.Ne2 Qb6 15.Ng3 g6 16.Qf3 Nf6 
17.Rd1 Kg7 18.b3 Rad8 19.h3 Qb7 {+ 100 point 
within a few weeks? I have my own ideas about 
you.}  20.Ba3 {What do you mean? I have played 
chess for almost 30 years and Im listed on FIDE 
ELO with higer rating. What about you?}  a5 {Me? 
lol. Guess.}  21.Rd2 {I have my own idea about 
you.:-)}  Qc8 {sure}  22.Rad1 Qe6 23.Nf1 {I wish 
you Happy New Year 2006!}  a4 {Thank you and you 
too a great 2006!! greetings!}  24.Ne3 axb3 
25.axb3 Rfe8 26.Bb4 Ref8 27.Ba5 Rda8 28.Bc7 Ne8 
29.Bb6 Ra3 30.b4 Kg8 31.c5 Rb3 32.Qg4 Rxb4 33.Qxe6 
{(offering draw)}  1/2-1/2

[Event "HCL-A2561"]
[Site "www.playchess.de"]
[Date "2006.01.19"]
[Round "4"]
[White "gridguy"]
[Black "Sonea"]
[WhiteElo "1645"]
[BlackElo "1415"]
[PlyCount "65"]
[Result "1-0"]

1.d4 {Happy New Year from Seattle ... good luck!}  
d6 {Happy new year from Imardin, Kyralia}  2.c4 
{Wow... I look forward to a "magical" game}  Nf6 
{:-)) Doesn't help with chess. Did you read the 
books or just checked the web?}  3.Nc3 {I'm a 
middle-school teacher and have heard of the 
series, but have not read it.}  Nbd7 {Ah... So 
your students do read it?}  4.Nf3 {They seem to 
love fantasy ... I think it's in our school 
library... Magician's Guild series, right?}  e5 
{Yes sir. My all time favorite fantasy.}  5.e4 c6 
6.Be2 Qc7 7.O-O Be7 8.Qc2 O-O 9.Re1 Re8 10.b3 a6 
11.Bb2 Nf8 12.Rad1 Ng6 13.Rd2 Bg4 14.Red1 Rad8 
15.Ne1 Bxe2 16.Nxe2 Nd7 17.Ng3 Ref8 18.Nf3 exd4 
19.Bxd4 Nde5 20.Qc3 Nxf3+ 21.Qxf3 Ne5 22.Qh5 Bf6 
23.f4 g6 24.Qh3 Nd7 25.f5 Bxd4+ 26.R2xd4 Nf6 
27.Qh4 Kg7 28.Qf4 Qe7 29.R4xd6 Rxd6 30.Rxd6 h6 
31.e5 g5 32.exf6+ Qxf6 33.Nh5+ 1-0

[Event "HCL-E1523"]
[Site "www.playchess.de"]
[Date "2006.01.19"]
[Round "1"]
[White "raquca"]
[Black "Eishockeytorwart"]
[WhiteElo "1864"]
[BlackElo "1944"]
[PlyCount "46"]
[Result "0-1"]

1.e4 e5 {welcome from Germany}  2.Nf3 Nc6 3.Bb5 a6 
4.Ba4 Nf6 5.d3 Bc5 6.O-O d6 7.c3 O-O 8.Bg5 h6 
9.Bh4 g5 10.Bg3 g4 11.Nh4 Nh5 12.b4 Nxg3 {merry 
christmas}  13.hxg3 Ba7 14.Nd2 Qg5 15.Kh1 Be6 
16.Bb3 Kg7 17.Qe2 Rad8 18.a4 Ne7 19.Kh2 Rdc8 20.f4 
exf4 21.Rxf4 Ng6 22.Nxg6 fxg6 23.Raf1 
Qh5+ 0-1

[Event "ACL-E209"]
[Site "www.playchess.de"]
[Date "2006.01.19"]
[Round "4"]
[White "Mercator"]
[Black "lenos"]
[WhiteElo "1857"]
[BlackElo "2302"]
[PlyCount "46"]
[Result "0-1"]

1.d4 {Nice game for you}  d5 2.c4 dxc4 3.Nf3 a6 
4.e3 Bg4 5.Bxc4 e6 6.Qb3 Bxf3 7.gxf3 Ra7 8.Nc3 Nf6 
9.Bd2 c5 10.dxc5 Bxc5 11.O-O-O b5 12.Bxb5+ axb5 
13.Qxb5+ Nbd7 14.Na4 Be7 15.Rhg1 Qc7+ 16.Kb1 O-O 
17.Nc3 Rb8 18.Qe2 Nd5 19.Nb5 Bf6 20.Nxc7 Rxb2+ 
21.Kc1 Raxa2 22.Bc3 Rb1+ 23.Kxb1 
Nxc3+ 0-1

[Event "HCL-T250"]
[Site "www.playchess.de"]
[Date "2006.01.19"]
[Round "2"]
[White "Grabanzito"]
[Black "Max"]
[WhiteElo "1725"]
[BlackElo "1545"]
[PlyCount "81"]
[Result "1-0"]

1.e4 c5 2.d4 cxd4 3.c3 dxc3 4.Nxc3 Nc6 5.Nf3 d6 
6.Bc4 e6 7.O-O Nf6 8.Qe2 Be7 9.Rd1 O-O 10.e5 Ng4 
11.Bf4 d5 12.h3 Qb6 13.Bxd5 Nxf2 14.Be3 Qa5 
15.Bxf2 exd5 16.Nxd5 Bc5 17.a3 Bxf2+ 18.Qxf2 Be6 
19.b4 Qa4 20.b5 Na5 21.Ne7+ Kh8 22.Ng5 Nb3 23.Rdf1 
Nxa1 24.Nxe6 Qxa3 25.Nxf8 Rxf8 26.Nf5 b6 27.Nd6 
Nb3 28.Qf4 Qc5+ 29.Kh1 Nd4 30.Nxf7+ Kg8 31.Nh6+ 
gxh6 32.Qg4+ Kh8 33.Rxf8+ Qxf8 34.Qxd4 Qg7 35.Qd8+ 
Qg8 36.Qxg8+ Kxg8 37.Kh2 Kf7 38.Kg3 Ke6 39.Kf4 h5 
40.h4 Kd5 41.Kf5 1-0

[Event "HCL-B3775"]
[Site "www.playchess.de"]
[Date "2006.01.19"]
[Round "17"]
[White "PANDURANGAIAH"]
[Black "Regicide"]
[WhiteElo "1086"]
[BlackElo "986"]
[PlyCount "32"]
[Result "0-1"]

1.e4 e5 {Namas te}  2.Nf3 Nc6 3.Bb5 Qe7 4.Bxc6 
dxc6 5.h3 Bd7 6.O-O O-O-O 7.Nc3 Qf6 8.a3 Be7 9.d3 
Qg6 10.Kh2 Bd6 11.Kh1 Nf6 12.Rg1 Qh5 13.Kh2 Ng4+ 
14.Kg3 f5 15.hxg4 Qxg4+ 16.Kh2 
Qh5+ 0-1

[Event "HCL-A2552"]
[Site "www.playchess.de"]
[Date "2006.01.19"]
[Round "5"]
[White "Nulnulnix"]
[Black "Mosaik"]
[WhiteElo "1335"]
[BlackElo "1700"]
[PlyCount "82"]
[Result "0-1"]

1.e4 {Hallo & viel Spaß}  e6 2.Nc3 d5 3.exd5 exd5 
4.Qf3 Nf6 5.d3 Bg4 6.Qe3+ Be7 7.h3 d4 8.Qg3 {Ich 
sollte wohl ein bischen länger über meine Züge 
denken...}  Bd6 9.Bf4 Bxf4 10.Qxf4 Qe7+ 11.Nce2 
{Ein schönes neues Jahr 2006}  Qb4+ 12.Kd1 Qxb2 
13.Qc1 Qxc1+ 14.Rxc1 Be6 15.Nxd4 Bxa2 16.Nb5 Kd7 
17.Nf3 Nc6 18.g4 a6 19.Nc3 Be6 20.Bg2 Rab8 21.Ne4 
Nxe4 22.dxe4 Rhd8 23.Ng5 Ke7+ 24.Ke1 h6 25.Nxe6 
fxe6 26.f4 e5 27.f5 Rd6 28.Kf2 Rd2+ 29.Kg3 Nd4 
30.Bf3 Rd8 31.Bd1 Ne2+ 32.Bxe2 Rxe2 33.Rhd1 Rxd1 
34.Rxd1 Rxc2 35.Re1 Kf6 36.Kh4 g6 37.fxg6 Kxg6 
38.Re3 b5 39.Kg3 b4 40.h4 Rc3 41.Rf3 
Rxf3+ 0-1

[Event "HCL-C4051"]
[Site "www.playchess.de"]
[Date "2006.01.19"]
[Round "1"]
[White "Henri"]
[Black "Farquhart"]
[WhiteElo "832"]
[BlackElo "478"]
[PlyCount "71"]
[Result "1-0"]

1.e4 {Bonjour et Bonne Partie}  e5 2.Nf3 d6 3.Bc4 
Nf6 4.Nc3 Be6 5.Bxe6 fxe6 6.O-O h5 7.d3 Nc6 8.Be3 
Ng4 9.Bd2 a5 10.a3 Ra6 11.b4 axb4 12.axb4 Nxb4 
13.Rxa6 bxa6 14.Ne2 a5 15.Qa1 Nxc2 16.Qxa5 c5 
17.Qa4+ Qd7 18.Qxc2 d5 19.Ra1 dxe4 20.Ra8+ Ke7 
21.Qxc5+ Qd6 22.Bg5+ Kd7 23.Qa7+ Qc7 24.Rd8+ Kc6 
25.Qa4+ Kb7 26.Qb5+ Ka7 27.Qa4+ Kb7 28.Nc3 Qxc3 
29.Qa8+ Kb6 30.Rb8+ Kc7 31.Rc8+ Kd7 32.Rxc3 Nf6 
33.Qc8+ Ke7 34.Rc7+ Kd6 35.Qd8+ Nd7 
36.Qxd7+ 1-0

[Event "HCL-C3969"]
[Site "www.playchess.de"]
[Date "2006.01.19"]
[Round "4"]
[White "spencer"]
[Black "darknight"]
[WhiteElo "992"]
[BlackElo "1060"]
[PlyCount "39"]
[Result "1-0"]

1.e4 Nf6 2.e5 d6 3.exf6 gxf6 4.Bc4 Rg8 5.Qh5 e6 
6.Qxh7 Rg7 7.Qh8 f5 8.b4 Rxg2 9.Bb2 Rg4 10.Bf6 Qd7 
11.a4 Rxc4 12.Bg7 Re4+ 13.Ne2 Qe7 14.Bf6 Qd7 
15.Rg1 Qc6 16.Rg8 Qxc2 17.Nbc3 Rxb4 18.Nd4 Qd3 
19.Rxf8+ {Mate next move thanks for the game}  Kd7 
20.Rxf7+ 1-0

[Event "HCL-C3977"]
[Site "www.playchess.de"]
[Date "2006.01.19"]
[Round "5"]
[White "spencer"]
[Black "pookey"]
[WhiteElo "980"]
[BlackElo "799"]
[PlyCount "39"]
[Result "1-0"]

1.e4 c5 2.e5 e6 3.d4 b6 4.Nf3 Bb7 5.Bg5 f6 6.exf6 
gxf6 7.Bf4 Nc6 8.d5 exd5 9.Qxd5 Nge7 10.Qh5+ Ng6 
11.Bd3 Qe7+ 12.Kd2 O-O-O 13.Re1 Qg7 14.Bg3 Be7 
15.Qg4 f5 16.Qxf5 Qxb2 17.Nc3 Nb4 18.Rab1 Qa3 
19.Qg4 Bxf3 20.Qxf3 1-0

[Event "HCL-A2454"]
[Site "www.playchess.de"]
[Date "2006.01.19"]
[Round "12"]
[White "Phil_Ottis"]
[Black "yannick"]
[WhiteElo "1381"]
[BlackElo "1598"]
[PlyCount "89"]
[Result "1-0"]

1.d4 d5 {hi,good tournament}  2.Nf3 {Thank You. 
You also}  Nf6 3.h3 Nc6 4.g4 Be6 5.c3 Qd6 6.Qd3 
O-O-O 7.Bg5 h5 8.gxh5 Nxh5 9.Ne5 Nxe5 10.dxe5 Qxe5 
11.h4 f6 12.Qe3 Qe4 13.Qxe4 dxe4 14.Be3 Kb8 15.Nd2 
f5 16.O-O-O Bxa2 17.Bh3 {This will be fun!}  e6 
{sure}  18.Rhf1 Nf6 19.Bg5 Bc5 20.b3 Rd5 21.Kb2 e3 
22.fxe3 Rhd8 23.e4 fxe4 24.Bxe6 R5d6 25.Kxa2 Rxe6 
26.Nxe4 Rxd1 27.Rxd1 Bd6 28.Bxf6 Rxe4 29.Rg1 Rxe2+ 
30.Kb1 Bg3 31.Rxg3 {??}  Rf2 32.Rxg7 Kc8 33.Be5 c6 
34.Rc7+ Kd8 35.Rxb7 a6 36.Rb6 Rf5 37.Bd4 c5 
38.Bf6+ Ke8 39.Rxa6 Kf7 40.Bg5 Rf3 41.Rf6+ Rxf6 
42.Bxf6 Kxf6 43.h5 Kg5 44.b4 cxb4 
45.cxb4 1-0

[Event "HCL-E1519"]
[Site "www.playchess.de"]
[Date "2006.01.19"]
[Round "14"]
[White "PLAYCHESS1963"]
[Black "carlosmadeira"]
[WhiteElo "1761"]
[BlackElo "1536"]
[PlyCount "75"]
[Result "1-0"]

1.e4 e5 2.Nf3 Nc6 3.Bc4 Bc5 4.c3 Nf6 5.d4 exd4 
6.cxd4 Bb4+ 7.Nc3 Nxe4 8.O-O Bxc3 9.d5 Ne5 10.bxc3 
Nxc4 11.Qd4 f5 12.Qxc4 d6 13.Re1 O-O 14.Rb1 b6 
15.Nd4 Qf6 16.f3 Nc5 17.Ba3 Ba6 18.Nb5 Bxb5 
19.Rxb5 Qf7 20.Bxc5 dxc5 21.Rb2 c6 22.Re6 cxd5 
23.Qxd5 Rad8 24.Qe5 Rd1+ 25.Kf2 Qb7 26.Re8 Qf7 
27.Re7 Qf6 28.Qxf6 Rxf6 29.Rxa7 Rd3 30.Re2 Rxc3 
31.Re8+ Rf8 32.Ree7 Rc2+ 33.Kg3 Rf6 34.Rexg7+ Kf8 
35.Rgxh7 Rg6+ 36.Kf4 Re2 37.Rh8+ Rg8 
38.Ra8+ 1-0

[Event "HCL-B3608"]
[Site "www.playchess.de"]
[Date "2006.01.19"]
[Round "14"]
[White "ppadala"]
[Black "PCHITT"]
[WhiteElo "1290"]
[BlackElo "1540"]
[PlyCount "65"]
[Result "1-0"]

1.e4 e5 2.Nc3 Nf6 3.f4 Bc5 4.fxe5 Nxe4 5.Nxe4 Qh4+ 
6.Ng3 Bxg1 7.Rxg1 Qxh2 8.Ne2 d5 9.d4 Bg4 10.Kf2 
Nc6 11.Bf4 Qh4+ 12.Bg3 Qh5 13.Qd2 O-O-O 14.Nf4 Qh6 
15.Qd3 g5 16.Nh3 Rde8 17.Be2 f5 18.Bxg4 fxg4 
19.Qf5+ Kb8 20.Qxg4 Qf8+ 21.Ke2 Qb4 22.c3 Qc4+ 
23.Kd2 Nxe5 24.Bxe5 Qb5 25.Kc2 Qa4+ 26.b3 Qb5 
27.Rae1 Rhg8 28.Qh5 Qd7 29.Rgf1 Kc8 30.Nxg5 a5 
31.g3 a4 32.Nxh7 Qe7 33.Rf7 1-0

[Event "HCL-E1540"]
[Site "www.playchess.de"]
[Date "2006.01.19"]
[Round "7"]
[White "carlosmadeira"]
[Black "ryser"]
[WhiteElo "1536"]
[BlackElo "1766"]
[PlyCount "46"]
[Result "0-1"]

1.e4 e6 2.d4 d5 3.c4 dxe4 4.Nc3 Nf6 5.a3 Be7 6.Qc2 
c5 7.dxc5 Bxc5 8.Nxe4 Nxe4 9.Qxe4 Qb6 10.Qc2 Nc6 
11.b4 Bd4 12.c5 Qc7 13.Bb2 O-O 14.Nf3 e5 15.Bd3 
Bxb2 16.Qxb2 e4 17.Bxe4 Re8 18.Nd2 f5 19.f3 fxe4 
20.Nxe4 Bf5 21.Qc2 Bxe4 22.fxe4 Qf4 23.Rd1 
Rxe4+ 0-1

[Event "HCL-A2563"]
[Site "www.playchess.de"]
[Date "2006.01.19"]
[Round "10"]
[White "errantknight"]
[Black "hal1958"]
[WhiteElo "1218"]
[BlackElo "1448"]
[PlyCount "80"]
[Result "0-1"]

1.d4 Nf6 2.Bg5 d5 3.Nc3 e6 4.e3 a6 5.a3 c5 6.Nf3 
Nc6 7.Ne5 cxd4 8.Nxc6 bxc6 9.exd4 Be7 10.Be2 O-O 
11.O-O Nd7 12.Bxe7 Qxe7 13.Bd3 c5 14.dxc5 Nxc5 
15.Be2 Bb7 16.b4 Nd7 17.Bf3 Nb6 18.Re1 Rad8 19.Qd4 
Qc7 20.Qd3 Qc4 21.Red1 Qxd3 22.cxd3 Rdc8 23.Ne2 
Nd7 24.Rdc1 Ne5 25.d4 Nxf3+ 26.gxf3 f6 27.Nc3 Kf7 
28.Na4 Rxc1+ 29.Rxc1 Rc8 30.Rc5 Rc6 31.Kg2 Ke7 
32.Rxc6 Bxc6 33.Nc5 Bb5 34.a4 Bc4 35.Nb7 e5 
36.dxe5 fxe5 37.Kg3 d4 38.f4 d3 39.Kf3 d2 40.b5 
d1Q+ 0-1

[Event "HCL-B3723"]
[Site "www.playchess.de"]
[Date "2006.01.19"]
[Round "15"]
[White "Grunert"]
[Black "Jule"]
[WhiteElo "939"]
[BlackElo "1354"]
[PlyCount "102"]
[Result "0-1"]

1.c4 e5 2.b3 c5 3.Bb2 Nc6 4.Nf3 d6 5.g3 g6 6.Bg2 
Bg7 7.Nc3 Be6 8.O-O Nf6 9.h3 O-O 10.Rb1 Bf5 11.d3 
Qd7 12.Qd2 Bxh3 13.Nd5 Nxd5 14.cxd5 Ne7 15.Bxh3 
Qxh3 16.a4 Nf5 17.Qg5 f6 18.Qd2 Bh6 19.Qe1 Rae8 
20.Nh2 e4 21.dxe4 Rxe4 22.Qc3 Rxe2 23.Bc1 Bxc1 
24.Rbxc1 Kg7 25.Qd3 Nxg3 26.Qxg3 Qxg3+ 27.fxg3 Rd2 
28.Rcd1 Rxd1 29.Rxd1 Re8 30.Rb1 Re3 31.Kf2 Rd3 
32.Re1 Rxd5 33.Nf3 b6 34.Ke2 g5 35.Nd2 Re5+ 36.Kf2 
d5 37.Rxe5 fxe5 38.Nf3 Kf6 39.Ke3 h5 40.Kf2 e4 
41.Nd2 Kf5 42.Ke3 a6 43.Nb1 d4+ 44.Ke2 Kg4 45.Kf2 
e3+ 46.Ke2 Kxg3 47.Na3 Kg2 48.Nc4 b5 49.axb5 axb5 
50.Nd6 h4 51.Nxb5 h3 0-1